|
|
|
|
| LEADER |
03133nam a22006015i 4500 |
| 001 |
978-3-642-13217-9 |
| 003 |
DE-He213 |
| 005 |
20151204161917.0 |
| 007 |
cr nn 008mamaa |
| 008 |
100615s2010 gw | s |||| 0|eng d |
| 020 |
|
|
|a 9783642132179
|9 978-3-642-13217-9
|
| 024 |
7 |
|
|a 10.1007/978-3-642-13217-9
|2 doi
|
| 040 |
|
|
|d GrThAP
|
| 050 |
|
4 |
|a TK5105.5-5105.9
|
| 072 |
|
7 |
|a UKN
|2 bicssc
|
| 072 |
|
7 |
|a COM075000
|2 bisacsh
|
| 082 |
0 |
4 |
|a 004.6
|2 23
|
| 245 |
1 |
0 |
|a Beyond Loop Level Parallelism in OpenMP: Accelerators, Tasking and More
|h [electronic resource] :
|b 6th Internationan Workshop on OpenMP, IWOMP 2010, Tsukuba, Japan, June 14-16, 2010 Proceedings /
|c edited by Mitsuhisa Sato, Toshihiro Hanawa, Matthias S. Müller, Barbara M. Chapman, Bronis R. de Supinski.
|
| 264 |
|
1 |
|a Berlin, Heidelberg :
|b Springer Berlin Heidelberg,
|c 2010.
|
| 300 |
|
|
|a 187 p. 121 illus.
|b online resource.
|
| 336 |
|
|
|a text
|b txt
|2 rdacontent
|
| 337 |
|
|
|a computer
|b c
|2 rdamedia
|
| 338 |
|
|
|a online resource
|b cr
|2 rdacarrier
|
| 347 |
|
|
|a text file
|b PDF
|2 rda
|
| 490 |
1 |
|
|a Lecture Notes in Computer Science,
|x 0302-9743 ;
|v 6132
|
| 505 |
0 |
|
|a Sixth International Workshop on OpenMP IWOMP 2010 -- Enabling Low-Overhead Hybrid MPI/OpenMP Parallelism with MPC -- A ROSE-Based OpenMP 3.0 Research Compiler Supporting Multiple Runtime Libraries -- Binding Nested OpenMP Programs on Hierarchical Memory Architectures -- A Proposal for User-Defined Reductions in OpenMP -- An Extension to Improve OpenMP Tasking Control -- Towards an Error Model for OpenMP -- How OpenMP Applications Get More Benefit from Many-Core Era -- Topology-Aware OpenMP Process Scheduling -- How to Reconcile Event-Based Performance Analysis with Tasking in OpenMP -- Fuzzy Application Parallelization Using OpenMP -- Hybrid Parallel Programming on SMP Clusters Using XPFortran and OpenMP -- A Case for Including Transactions in OpenMP -- OMPCUDA : OpenMP Execution Framework for CUDA Based on Omni OpenMP Compiler.
|
| 650 |
|
0 |
|a Computer science.
|
| 650 |
|
0 |
|a Microprocessors.
|
| 650 |
|
0 |
|a Computer communication systems.
|
| 650 |
|
0 |
|a Architecture, Computer.
|
| 650 |
|
0 |
|a Software engineering.
|
| 650 |
|
0 |
|a Computers.
|
| 650 |
|
0 |
|a Algorithms.
|
| 650 |
1 |
4 |
|a Computer Science.
|
| 650 |
2 |
4 |
|a Computer Communication Networks.
|
| 650 |
2 |
4 |
|a Computer System Implementation.
|
| 650 |
2 |
4 |
|a Processor Architectures.
|
| 650 |
2 |
4 |
|a Algorithm Analysis and Problem Complexity.
|
| 650 |
2 |
4 |
|a Software Engineering.
|
| 650 |
2 |
4 |
|a Computation by Abstract Devices.
|
| 700 |
1 |
|
|a Sato, Mitsuhisa.
|e editor.
|
| 700 |
1 |
|
|a Hanawa, Toshihiro.
|e editor.
|
| 700 |
1 |
|
|a Müller, Matthias S.
|e editor.
|
| 700 |
1 |
|
|a Chapman, Barbara M.
|e editor.
|
| 700 |
1 |
|
|a Supinski, Bronis R. de.
|e editor.
|
| 710 |
2 |
|
|a SpringerLink (Online service)
|
| 773 |
0 |
|
|t Springer eBooks
|
| 776 |
0 |
8 |
|i Printed edition:
|z 9783642132162
|
| 830 |
|
0 |
|a Lecture Notes in Computer Science,
|x 0302-9743 ;
|v 6132
|
| 856 |
4 |
0 |
|u http://dx.doi.org/10.1007/978-3-642-13217-9
|z Full Text via HEAL-Link
|
| 912 |
|
|
|a ZDB-2-SCS
|
| 912 |
|
|
|a ZDB-2-LNC
|
| 950 |
|
|
|a Computer Science (Springer-11645)
|